| 000 | 00382nam a2200133Ia 4500 | ||
|---|---|---|---|
| 005 | 20251222143144.0 | ||
| 008 | 251222s9999||||xx |||||||||||||| ||spa|| | ||
| 020 | _a84-8338-410-8 | ||
| 082 | _a372.416/E78 | ||
| 100 | _aEscoriza Nieto, José | ||
| 245 | 0 | _aEvaluación del Conocimiento de las Estrategias de Comprensión Lectora | |
| 264 | _bUniversidad de Barcelona | ||
| 942 | _cLIB | ||
| 999 |
_c12436 _d12436 |
||